书目信息 |
| 题名: |
话剧语言训练
|
|
| 作者: | 张仪静 , 杨莹 编著 | |
| 分册: | ||
| 出版信息: | 上海 华东师范大学出版社 1981 |
|
| 页数: | 130页 | |
| 开本: | 19cm | |
| 丛书名: | 戏剧艺术丛书 | |
| 单 册: | ||
| 中图分类: | J824.2 , I234 | |
| 科图分类: | ||
| 主题词: | 话剧-语言艺术--中国 , 语言艺术-话剧--中国 , 戏剧文学--剧本--中国 | |
| 电子资源: | ||
| ISBN: | ||
| 000 | 00837nam2 2200313 45 | |
| 001 | 0181009489 | |
| 005 | 20040416093516.6 | |
| 010 | @dCNY0.48 | |
| 091 | @a8135.001 | |
| 100 | @a19950515d1981 em y0chiy0121 ea | |
| 101 | 0 | @achi |
| 102 | @aCN@b310000 | |
| 105 | @ay z 000yy | |
| 106 | @ar | |
| 200 | 10 | @a话剧语言训练@Ahua ju yu yan xun lian@f张仪静,杨莹编著 |
| 210 | @a上海@c华东师范大学出版社@d1981 | |
| 215 | @a130页@d19cm | |
| 225 | 2 | @a戏剧艺术丛书 |
| 410 | 0 | @120010@a戏剧艺术丛书 |
| 606 | @a话剧-语言艺术@y中国 | |
| 606 | @a语言艺术-话剧@y中国 | |
| 606 | 0 | @a戏剧文学@x剧本@x中国 |
| 690 | @aJ824.2@v3 | |
| 690 | @aI234 | |
| 701 | 0 | @a张仪静@Azhang yi jing@4编著 |
| 701 | 0 | @a杨莹@Ayang ying@4编著 |
| 801 | 0 | @aCN@b上海图书馆@c20040416 |
| 801 | 2 | @aCN@bNLC@c20040416 |
| 905 | @f2@b55293-294@dI234@e37 | |
| 话剧语言训练/张仪静,杨莹编著.-上海:华东师范大学出版社,1981 |
| 130页;19cm.-(戏剧艺术丛书) |
| ISBN :CNY0.48 |
| ● |
| 相关链接 |
|
|
|
|
正题名:话剧语言训练
索取号:I234/37
 
预约/预借
| 序号 | 登录号 | 条形码 | 馆藏地/架位号 | 状态 | 备注 |
| 1 | 0055293 | 000765461 | 第二借阅区/ [索取号:I234/37] | 在馆 | |
| 2 | 0055294 | 000765452 | 第二借阅区/ [索取号:I234/37] | 在馆 |